[Event "Dresden ZMDI Blitz"]
[Site "Dresden"]
[Date "2011.08.07"]
[Round "2"]
[White "Hansch, Bianca"]
[Black "Hennicken, Arnold"]
[Result "0-1"]
[WhiteElo "1176"]
[BlackElo "1349"]
[PlyCount "120"]
[EventDate "2011.08.06"]
[EventType "swiss (blitz)"]
[EventRounds "9"]
[EventCountry "GER"]
[SourceTitle "EXT 2022"]
[Source "ChessBase"]
[SourceDate "2021.10.06"]
[SourceVersion "1"]
[SourceVersionDate "2021.10.06"]
[SourceQuality "1"]

1. e4 d6 2. d4 Nf6 3. Nc3 g6 4. Nf3 Bg7 5. Bd3 Nbd7 6. 0-0 e5 7. d5 0-0 8. Be3 Ng4 9. Qd2 Nxe3 10. Qxe3 Nc5 11. Rad1 Nxd3 12. Rxd3 f5 13. Nd2 f4 14. Qf3 Qg5 15. h3 Bd7 16. Nc4 h5 17. Qe2 Qh6 18. Nd2 b5 19. b4 g5 20. Kh2 g4 21. h4 a6 22. Nd1 Qf6 23. g3 f3 24. Qe1 Bh6 25. Rc3 Rfc8 26. Ne3 Kf7 27. Nb3 Qg6 28. Nd2 c6 29. Nf5 Bxf5 30. exf5 Qxf5 31. Ne4 Qd7 32. Qd1 Ke7 33. Rd3 c5 34. bxc5 dxc5 35. d6+ Kf8 36. Nf6 Qe6 37. Nxh5 Qf7 38. d7 Rd8 39. Rd6 Qxh5 40. Rf6+ Kg7 41. Qd6 Rxd7 42. Rxh6 Rxd6 43. Rxh5 Rd2 44. Rg5+ Kh6 45. Rxe5 Rxc2 46. Re6+ Kg7 47. Re4 Rd8 48. Rxg4+ Kh6 49. Rf4 Rd3 50. g4 Rxa2 51. Rf6+ Kg7 52. g5 Ra4 53. Kg3 Rdd4 54. Rh1 Rg4+ 55. Kxf3 Rxh4 56. Rh6 Rxh1 57. Rxh1 Kg6 58. Rg1 b4 59. Ke3 Ra3+ 60. Kd2 c4 0-1